Obras completas / (Registro nro. 187641)

Detalles MARC
000 -LEADER
campo de control de longitud fija 01259nam a2200301 i 4500
001 - NÚMERO DE CONTROL
campo de control 187641
003 - IDENTIFICADOR DE NÚMERO DE CONTROL
campo de control ES-MaACL
005 - FECHA Y HORA DE LA ÚLTIMA TRANSACCIÓN
campo de control 20240131063034.0
008 - DATOS DE LONGITUD FIJA--INFORMACIÓN GENERAL
campo de control de longitud fija 171214s2009 sp |||| |dcat d
020 ## - NÚMERO INTERNACIONAL ESTÁNDAR DEL LIBRO
Número Internacional Estándar del Libro 978-84-92583-71-3
080 ## - NÚMERO DE LA CLASIFICACIÓN DECIMAL UNIVERSAL
Número de la Clasificación Decimal Universal 081 Almirall, Valentí
100 1# - ENTRADA PRINCIPAL--NOMBRE DE PERSONA
Nombre de persona Almirall, Valentí,
Fechas asociadas al nombre 1841-1904
9 (RLIN) 20151
245 10 - MENCIÓN DEL TÍTULO
Título Obras completas /
Mención de responsabilidad, etc. Valentí Almirall ; edició, introdució i notes a cura de Josép M. Figueres.
250 ## - MENCION DE EDICION
Mención de edición 1ª ed.
260 ## - PUBLICACIÓN, DISTRIBUCIÓN, ETC.
Lugar de publicación, distribución, etc. Barcelona :
Nombre del editor, distribuidor, etc. Institut d'Estudis Catalans,
Fecha de publicación, distribución, etc. 2009-2013.
300 ## - DESCRIPCIÓN FÍSICA
Extensión 2 v. ;
Dimensiones 25 cm.
490 1# - MENCIÓN DE SERIE
Mención de serie Monografies de la Secció Històrico-Arqueològica ;
Designación de volumen o secuencia 11/1-2
504 ## - NOTA DE BIBLIOGRAFÍA, ETC.
Nota de bibliografía, etc. Bibliografía: p. 45 - 56.
505 8# - NOTA DE CONTENIDO CON FORMATO
Nota de contenido con formato Contiene: v. 1. 1867-1879 (1063 p.) - v. 2. 1880-1884 (955 p.)
546 ## - NOTA DE IDIOMA
Nota de lengua/lenguaje Textos en castellano y catalán.
700 0# - ENTRADA AGREGADA--NOMBRE PERSONAL
Nombre de persona Figueres i Artigas, Josep Maria.
9 (RLIN) 50772
830 0# - PUNTO DE ACCESO ADICIONAL DE SERIE-TÍTULO UNIFORME
Título uniforme Monografies de la Secció Històrico-Arqueològica ;
Designación de volumen o secuencia 11/1-2
9 (RLIN) 225589
852 ## - LOCALIZACIÓN
Ubicación ES-MaACL
Número de control de estantería A-14138
itemnumber 194728
Sublocalización o colección R.151283
Ubicación en estantería Depósito 1
Signatura antigua Olim: N-7138
Donativo/Legado Donación: Casa de Velázquez
852 ## - LOCALIZACIÓN
Ubicación ES-MaACL
Número de control de estantería A-14139
Sublocalización o colección R.151285
Ubicación en estantería Depósito 1
Signatura antigua Olim: N-7139
Donativo/Legado Donación: Casa de Velázquez
914 ## - NOMBRE ENTIDAD DE DONANTE
RLIN 2477
Nombre de congreso/reunión o jurisdicción como elemento de entrada Casa de Velázquez
Unidad subordinada Donante
942 ## - ELEMENTOS DE ENTRADA SECUNDARIOS (KOHA)
Fuente del sistema de clasificación o colocación Clasificación decimal universal
Tipo de ítem Koha Libro impreso
Existencias
Estatus retirado Estado de pérdida Fuente del sistema de clasificación o colocación Estado de daño No para préstamo Biblioteca de origen Biblioteca actual Ubicación en estantería Fecha de adquisición Fuente de adquisición Enumeración/cronología de publicación seriada Total de préstamos Signatura topográfica completa Código de barras Visto por última vez Precio de reemplazo Tipo de ítem Koha
    Clasificación decimal universal     Biblioteca del Ateneo de Madrid Biblioteca del Ateneo de Madrid Depósito 1 14/12/2017 Donación v.1   A-14138 1198192 23/02/2023 23/02/2023 Libro impreso
    Clasificación decimal universal     Biblioteca del Ateneo de Madrid Biblioteca del Ateneo de Madrid Depósito 1 14/12/2017 Donación v.2   A-14139 101206192 15/12/2023 23/02/2023 Libro impreso